Národný branding a verejná diplomacia: vzťah dvoch pojmov

V rámci verejnej diplomacie ako širšej stratégie, ktorá sa snaží o politické ciele sa národný branding identifikuje ako nástroj zameriavajúci sa na ekonomické ciele. Pod verejnou diplomaciou rozumieme stratégiu národnej prezentácie, ktorá vychádza z iniciatívy vlády.

Guardado en:
Detalles Bibliográficos
Autor principal: Meričková, Laura
Formato: Capítulo de libro
Lenguaje:eslovaco
Materias:
Etiquetas: Agregar Etiqueta
Sin Etiquetas, Sea el primero en etiquetar este registro!

MARC

LEADER 00000nla a2200000 4500
001 0181066
005 20240527091124.4
041 0 |a slo 
044 |a CZ 
245 1 0 |a Národný branding a verejná diplomacia: vzťah dvoch pojmov  |c Laura Meričková 
520 |a V rámci verejnej diplomacie ako širšej stratégie, ktorá sa snaží o politické ciele sa národný branding identifikuje ako nástroj zameriavajúci sa na ekonomické ciele. Pod verejnou diplomaciou rozumieme stratégiu národnej prezentácie, ktorá vychádza z iniciatívy vlády. 
610 2 0 |a vzťahy hospodárske vonkajšie 
610 2 0 |a politika zahraničná 
610 2 0 |a diplomacia hospodárska 
610 2 0 |a komunikácia externá 
610 2 0 |a prezentácia 
100 1 |a Meričková, Laura